Business research methods / (Record no. 113)
[ view plain ]
| 000 -LEADER | |
|---|---|
| fixed length control field | 00535nam a22002057a 4500 |
| 003 - CONTROL NUMBER IDENTIFIER | |
| control field | BD-DhUIB |
| 005 - DATE AND TIME OF LATEST TRANSACTION | |
| control field | 20210328094418.0 |
| 008 - FIXED-LENGTH DATA ELEMENTS--GENERAL INFORMATION | |
| fixed length control field | 210328b ||||| |||| 00| 0 eng d |
| 020 ## - INTERNATIONAL STANDARD BOOK NUMBER | |
| International Standard Book Number | 0256137773 |
| 040 ## - CATALOGING SOURCE | |
| Original cataloging agency | BD-DhUIB |
| Transcribing agency | BD-DhUIB |
| 082 ## - DEWEY DECIMAL CLASSIFICATION NUMBER | |
| Edition number | 22 |
| Classification number | 658.0072 |
| 100 ## - MAIN ENTRY--PERSONAL NAME | |
| Personal name | Cooper, Donald R. |
| 9 (RLIN) | 228 |
| 245 ## - TITLE STATEMENT | |
| Title | Business research methods / |
| Statement of responsibility, etc. | bydonald R. Cooper. |
| 250 ## - EDITION STATEMENT | |
| Edition statement | 5th ed. |
| 260 ## - PUBLICATION, DISTRIBUTION, ETC. | |
| Place of publication, distribution, etc. | New york |
| Name of publisher, distributor, etc. | McGraw-Hil |
| 300 ## - PHYSICAL DESCRIPTION | |
| Extent | xix, 681p : |
| Other physical details | ill. ; |
| 526 ## - STUDY PROGRAM INFORMATION NOTE | |
| Program name | MBA. |
| 700 ## - ADDED ENTRY--PERSONAL NAME | |
| Personal name | Emory, C. William. |
| 9 (RLIN) | 229 |
| 942 ## - ADDED ENTRY ELEMENTS (KOHA) | |
| Source of classification or shelving scheme | Dewey Decimal Classification |
| Koha item type | Books |
| Withdrawn status | Lost status | Source of classification or shelving scheme | Damaged status | Not for loan | Collection code | Home library | Current library | Shelving location | Date acquired | Source of acquisition | Total Checkouts | Full call number | Barcode | Date due | Date last seen | Date last checked out | Copy number | Price effective from | Koha item type | Total Renewals |
|---|---|---|---|---|---|---|---|---|---|---|---|---|---|---|---|---|---|---|---|---|
| Dewey Decimal Classification | Fiction | IBA Library | IBA Library | General Stacks | 06/26/1999 | Asia foundation | 1 | 658.0072c78/4b | 00046793 | 11/02/2025 | 10/19/2025 | 10/19/2025 | C-1 | 03/28/2021 | Books | |||||
| Dewey Decimal Classification | Fiction | IBA Library | IBA Library | General Stacks | 06/26/1999 | Asia foundation | 658.0072c78/4b | 00046794 | 03/28/2021 | C-2 | 03/28/2021 | Books | ||||||||
| Dewey Decimal Classification | Fiction | IBA Library | IBA Library | General Stacks | 06/26/1999 | Asia foundation | 658.0072c78/4b | 00046795 | 03/28/2021 | C-3 | 03/28/2021 | Books | ||||||||
| Dewey Decimal Classification | Fiction | IBA Library | IBA Library | General Stacks | 06/26/1999 | Asia foundation | 658.0072c78/4b | 00046796 | 03/28/2021 | C-4 | 03/28/2021 | Books | ||||||||
| Dewey Decimal Classification | Non-fiction | IBA Library | IBA Library | General Stacks | 04/07/2002 | Purchase | 1 | 658.0072 C784 | 00047746 | 02/08/2026 | 10/20/2025 | 10/20/2025 | 01 | 10/20/2025 | Books | 3 |
